00398nam a22001457a 4500003000400000008004100004020001800045082001400063100002000077245004500097260003200142300000800174650005100182700001900233OSt220415b ||||| |||| 00| 0 eng d a9789350571316 a005.5 SIT aSINGH, Shraddha aTally ERP 9: Power of Simplicity Tally. aNew DelhibV & S Publishers a178 aTally . ERP 9 : Power of Simplicity (Commerce) aMEHRA, Navneet